Formación para el trabajo decente
La formación profesional está llamada a jugar una función primordial en la confluencia del interés económico y el imperativo social, pero para ello se hace necesario sensibilizar a todos los actores sociales acerca de la necesidad de devolver a capital humano su plena riqueza. Para que un día la pal...
Shranjeno v:
| Format: | Texto |
|---|---|
| Izdano: |
Montevideo:
CINTERFOR
|
| Teme: | |
| Oznake: |
Označite
Brez oznak, prvi označite!
|
MARC
| LEADER | 00000 a a2200000 04500 | ||
|---|---|---|---|
| 001 | 34934 | ||
| 003 | |||
| 040 | |||
| 020 | |a 92-9088-126-7 | ||
| 090 | |a 1001 C574f | ||
| 245 | |a Formación para el trabajo decente | ||
| 260 | |a Montevideo: |b CINTERFOR | ||
| 300 | |a 114 p. | ||
| 520 | |a La formación profesional está llamada a jugar una función primordial en la confluencia del interés económico y el imperativo social, pero para ello se hace necesario sensibilizar a todos los actores sociales acerca de la necesidad de devolver a capital humano su plena riqueza. Para que un día la palabra trabajo no necesite ya de adjetivos, que por sí sola implique dignidad, equidad y libertad | ||
| 650 | |a EMPLEO | ||
| 650 | |a FORMACION PROFESIONAL | ||
| 650 | |a SEGURIDAD SOCIAL | ||
| 650 | |a IGUALDAD DE OPORTUNIDADES | ||
| 650 | |a ECONOMIA | ||
| 999 | |c 13496 |d 13496 | ||



